Characters by Cosplay Outfits by Picture - Statistics

General Stats
  • This quiz has been taken 45 times
  • The average score is 13 of 16
Answer Stats
Picture Answer % Correct
Hulk
100%
Spider-Man
100%
Batman
98%
Iron Man
98%
Wonder Woman
98%
Jack Sparrow
86%
Sherlock Holmes
86%
Barbie
83%
Cinderella
83%
Minions
81%
Harley Quinn
79%
James Bond
76%
Obi-Wan Kenobi
71%
Obi-Wan Kenobi
71%
Anakin Skywalker
48%
Lady Liberty
36%
No matching quizzes found
Score Distribution
Percent of People with Each Score
Percentile by Number Answered
Your Score History
You have not taken this quiz